Educación para todos en 2015 /
Salvato in:
| Autore principale: | |
|---|---|
| Altri autori: | |
| Natura: | testo |
| Soggetti: | |
| Tags: |
Aggiungi Tag
Nessun Tag, puoi essere il primo ad aggiungerne!!
|
MARC
| LEADER | 00000 a a2200000 04500 | ||
|---|---|---|---|
| 001 | 8063 | ||
| 003 | |||
| 040 | |||
| 100 | |a Mingat, Alain | ||
| 245 | |a Educación para todos en 2015 / |c Alain Mingat ; Carolyn Winter | ||
| 650 | |a EDUCACION | ||
| 650 | |a PLANIFICACION DE LA EDUCACION | ||
| 650 | |a FINANCIAMIENTO DE LA EDUCACION | ||
| 650 | |a DESARROLLO DE LA EDUCACION | ||
| 700 | |a Winter, Carolyn | ||
| 773 | |g volumen 39, número 1; páginas 32-35 | ||
| 999 | |c 38823 |d 38823 | ||
